| 000 | 00640nam a2200205Ia 4500 | ||
|---|---|---|---|
| 005 | 20241129111244.0 | ||
| 008 | 241129s9999||||xx |||||||||||||| ||und|| | ||
| 037 | _aTB | ||
| 040 |
_aCRL _bpun _cCRL |
||
| 041 |
_apun _2pun |
||
| 084 |
_aO1,3x 153Q4 _qCRL |
||
| 100 | _aਸੁਰਜੀਤ, ੳਗ। | ||
| 245 | 0 |
_aਸੰਸਾਰ ਪ੍ਰਸਿੱਧ ਨਾਵਲ _cਸੁਰਜੀਤ, ੳਗ। |
|
| 260 |
_aਦਿੱਲੀ, ਭਾਰਤ _bਸ਼ਿਲਾਲੇਥ _c2014 |
||
| 300 | _a160ਪ੍ਰ0 | ||
| 365 |
_aINR _b250 |
||
| 650 |
_aWorld Literature _9177791 |
||
| 942 |
_cTB _hO1,3x 153Q4 |
||
| 999 |
_c1229608 _d1229608 |
||